[Event "Montreal op"]
[Site "Montreal"]
[Date "1988.09.03"]
[Round "1"]
[White "Bergeron, Steeve"]
[Black "Bolduc, Steve"]
[Result "0-1"]
[WhiteElo "1883"]
[BlackElo "2121"]
[PlyCount "88"]
[EventDate "1988.09.03"]
[EventType "swiss"]
[EventRounds "6"]
[EventCountry "CAN"]
[SourceTitle "EXT 2022"]
[Source "ChessBase"]
[SourceDate "2021.10.06"]
[SourceVersion "1"]
[SourceVersionDate "2021.10.06"]
[SourceQuality "1"]

1. e4 c5 2. Nf3 e6 3. d4 cxd4 4. Nxd4 Nc6 5. Be3 Nf6 6. Nc3 Bb4 7. Bd3 e5 8. Nf5 g6 9. Nh6 d5 10. Bg5 d4 11. a3 Be7 12. Nb1 Be6 13. Nd2 Nh5 14. Bxe7 Qxe7 15. Nf5 Qf8 16. g3 Nf6 17. Nh4 Qh6 18. Qe2 Nh5 19. Ndf3 0-0 20. Qd2 Qxd2+ 21. Kxd2 f6 22. Ng2 Rac8 23. Nfh4 f5 24. f3 fxe4 25. fxe4 Bh3 26. Ne1 Rf2+ 27. Be2 Nf6 28. Nef3 Nxe4+ 29. Ke1 Bg4 30. Bc4+ Kg7 31. Ng5 Rxc2 32. Nxe4 Rxc4 33. Nd6 Na5 34. Nxc8 Rxc8 35. h3 Nb3 36. Rb1 Be6 37. Rh2 e4 38. Ng2 g5 39. Kd1 e3 40. Ne1 Bf5 41. Nc2 Be4 42. h4 h6 43. hxg5 hxg5 44. Rh3 Bxc2+ 0-1

[Event "Quebec-ch U20"]
[Site "Montreal"]
[Date "1988.03.04"]
[Round "3"]
[White "Bergeron, Steeve"]
[Black "Lesiege, Alexandre"]
[Result "0-1"]
[WhiteElo "1734"]
[BlackElo "2094"]
[PlyCount "94"]
[EventDate "1988.03.03"]
[EventType "tourn"]
[EventRounds "7"]
[EventCountry "CAN"]
[SourceTitle "EXT 2022"]
[Source "ChessBase"]
[SourceDate "2021.10.06"]
[SourceVersion "1"]
[SourceVersionDate "2021.10.06"]
[SourceQuality "1"]

1. e4 c5 2. Nf3 d6 3. d4 cxd4 4. Nxd4 Nf6 5. Nc3 g6 6. f3 Bg7 7. Be3 0-0 8. Bc4 Nc6 9. Qd2 Bd7 10. Bb3 Nxd4 11. Bxd4 b5 12. Nd5 Nxd5 13. Bxg7 Kxg7 14. Bxd5 Rc8 15. c3 Qb6 16. Bb3 a5 17. Qd4+ Qxd4 18. cxd4 a4 19. Bd1 Rc4 20. d5 f5 21. Be2 Rb4 22. 0-0-0 Rc8+ 23. Kb1 a3 24. b3 fxe4 25. fxe4 Rxe4 26. Bf3 Re3 27. Rhe1 Bf5+ 28. Ka1 Rxe1 29. Rxe1 Kf6 30. g4 Bd7 31. Kb1 Rc3 32. Rf1 Kg5 33. h3 h5 34. gxh5 Bf5+ 35. Ka1 gxh5 36. Be2 b4 37. h4+ Kxh4 38. Rf4+ Kg3 39. Rf3+ Rxf3 40. Bxf3 h4 41. Be4 Bg4 42. Bf5 h3 43. Be4 Bf3 44. Bd3 h2 45. Bb1 Bg2 46. Be4 h1Q+ 47. Bb1 Qh8# 0-1